[Event "EYCC G16"]
[Site "Halkidiki GRE"]
[Date "2001.09.02"]
[Round "3"]
[White "Kineva,E"]
[Black "Vasilevich,I"]
[Result "1/2-1/2"]
[WhiteElo "2205"]
[BlackElo "2227"]

1.e4 c5 2.Nf3 e6 3.d4 cxd4 4.Nxd4 Nc6 5.Nc3 Qc7 6.Be2 a6 7.O-O Nf6 8.Be3 Be7
9.f4 d6 10.Qe1 O-O 11.Rd1 Nxd4 12.Bxd4 b5 13.e5 Ne8 14.Bd3 Bb7 15.f5 dxe5
16.Bxe5 Qb6+ 17.Kh1 Bf6 18.fxe6 Qxe6 19.Bxf6 Nxf6 20.Qxe6 fxe6 21.Rde1 Ng4
22.Rxe6 b4 23.Na4 Rxf1+ 24.Bxf1 Rf8 25.Kg1 Bd5 26.Rb6 a5 27.c3 Ne3 28.Be2 Nxg2
29.cxb4 Nf4 30.Bf1 axb4 31.Rxb4 Bxa2 32.Nc3 Be6 33.Ne2 Nh3+ 34.Bxh3 Bxh3
35.Rf4 Rxf4 36.Nxf4 Bc8 37.Kf2 g5 38.Nd5 Kf7 39.Ke3 h5 40.b4 Ke6 41.Kd4 h4
42.Ne3 Ba6 43.Ke4 Be2 44.Nc2 Ba6 45.Nd4+ Kf6 46.b5 Bb7+ 47.Nc6 Ke6 48.Ke3 Kf5
49.Kf2  1/2-1/2

[Event "9th Asian Women"]
[Site "Chennai IND"]
[Date "2001.09.03"]
[Round "1"]
[White "Li Ruofan"]
[Black "Hamid,R"]
[Result "1-0"]
[WhiteElo "2293"]
[BlackElo "2130"]

1.e4 c5 2.Nf3 Nc6 3.Nc3 e6 4.d4 cxd4 5.Nxd4 Qc7 6.g3 a6 7.Bg2 Nf6 8.O-O Be7
9.Be3 d6 10.f4 Bd7 11.a4 Rc8 12.Nb3 Na5 13.Kh1 Nc4 14.Bc1 b6 15.Nd4 h5 16.b3 Na5
17.Bb2 Ng4 18.Qe2 Bf6 19.Rad1 Qc5 20.e5 dxe5 21.Ne4 Qc7 22.Nf3 Be7 23.Nxe5 Nxe5
24.Bxe5 Qxc2 25.Rd2 Qxb3 26.Bxg7 Rh7 27.Nf6+ Bxf6 28.Bxf6 Nc4 29.Rd3 Qxa4
30.Rfd1 Rh6 31.Bg5 Rg6 32.Qxh5 Rxg5 33.fxg5  1-0

[Event "EYCC B18"]
[Site "Halkidiki GRE"]
[Date "2001.09.03"]
[Round "4"]
[White "Lupulescu,C"]
[Black "Gashimov,V"]
[Result "0-1"]
[WhiteElo "2465"]
[BlackElo "2406"]

1.e4 c5 2.Nf3 e6 3.Nc3 Nc6 4.d4 cxd4 5.Nxd4 Qc7 6.Be3 a6 7.Bd3 b5 8.O-O Bb7
9.Kh1 b4 10.Na4 Nf6 11.f3 Ne5 12.c3 d5 13.cxb4 Nxd3 14.Qxd3 dxe4 15.fxe4 Bxe4
16.Qd2 Rd8 17.Rac1 Qb7 18.Nc5 Bxc5 19.bxc5 e5 20.c6 Qc7 21.Qb4 exd4 22.Bxd4 Qd6
23.Qc4 Qd5 24.c7 Rc8 25.Qa4+ Qd7 26.Qc4 O-O 27.Bxf6 Qg4 28.Rf2 gxf6 29.Qxa6 Qg5
30.Rc3 Bg6 31.Qxf6 Qa5 32.Qf4 Rfe8 33.h4 Re7 34.b4 Qb6 35.Rg3 Qxc7 36.h5 Qxf4
37.Rxf4 Rc1+ 38.Kh2 Ree1 39.Rg5 Rh1+ 40.Kg3 Rxh5 41.Rxh5 Bxh5 42.b5 Rb1 43.a4 Bg6
44.Rc4 Kf8 45.Rc6 Ke7 46.b6 Kd7 47.Rc7+ Kd6 48.a5 Rb5 49.Ra7 Be4 50.Kf4 Bd5
51.g4 h6 52.Kf5 Rb4 53.Kf6 Rxg4 54.a6 Be6  0-1

[Event "EYCC B16"]
[Site "Halkidiki GRE"]
[Date "2001.09.03"]
[Round "4"]
[White "Mamedov,N"]
[Black "Gajewski,G"]
[Result "1-0"]
[WhiteElo "2401"]
[BlackElo "2357"]

1.e4 c5 2.Nf3 e6 3.d4 cxd4 4.Nxd4 Nc6 5.Nc3 Qc7 6.Be3 a6 7.Bd3 Nf6 8.O-O Bd6
9.Nxc6 bxc6 10.f4 e5 11.f5 Be7 12.Qf3 Bb7 13.Na4 d5 14.Bb6 Qb8 15.c4 dxe4
16.Bxe4 Nxe4 17.Qxe4 c5 18.Qc2 Qc8 19.Qf2 Bc6 20.Bxc5 Bxc5 21.Nxc5 O-O 22.Qe3 f6
23.Rad1 Rd8 24.Ne6 Re8 25.Qg3 Ra7 26.Rd6 Rae7 27.Qa3 Bd7 28.Qxa6 Bxe6 29.fxe6 Qc5+
30.Rf2 e4 31.Qc6 Qe3 32.Qd5 Qc1+ 33.Rf1 Qe3+ 34.Kh1 Qe2 35.Rg1 Qg4 36.h3 Qf4
37.Rd8 f5 38.Rxe8+ Rxe8 39.e7+ Kh8 40.Qf7 Qb8 41.Rd1  1-0

[Event "TCh-YUG"]
[Site "Herceg Novi YUG"]
[Date "2001.09.05"]
[Round "3"]
[White "Popovic,P"]
[Black "Paunovic,D"]
[Result "1-0"]
[WhiteElo "2526"]
[BlackElo "2502"]

1.e4 c5 2.Nf3 e6 3.d4 cxd4 4.Nxd4 Nc6 5.Nc3 Qc7 6.g3 a6 7.Bg2 Nf6 8.O-O d6
9.Nxc6 bxc6 10.Na4 Bb7 11.c4 c5 12.Nc3 Be7 13.f4 O-O 14.g4 Nd7 15.g5 Rfe8
16.b3 Bf8 17.Bd2 Rad8 18.Qg4 Nb6 19.a4 d5 20.a5 dxc4 21.axb6 Qxb6 22.Nb1 cxb3
23.Ba5 Qd6 24.Nd2 Qd4+ 25.Kh1 b2 26.Rad1 Rc8 27.Qh3 Qa4 28.Bc3 Qc2 29.Rb1 Red8
30.Rxb2 Qxb2 31.Bxb2 Rxd2 32.Ba1 Rd7 33.f5 exf5 34.exf5 Bxg2+ 35.Kxg2 Rc6
36.f6 Rcd6 37.fxg7 Bxg7 38.Bxg7 Kxg7 39.Qc3+ Kg8 40.Qe1 Rd5  1-0

[Event "EYCC B18"]
[Site "Halkidiki GRE"]
[Date "2001.09.06"]
[Round "6"]
[White "Werle,J"]
[Black "Jakovenko,D"]
[Result "1-0"]
[WhiteElo "2412"]
[BlackElo "2551"]

1.e4 c5 2.Nf3 e6 3.d4 cxd4 4.Nxd4 Nc6 5.Nc3 Qc7 6.f4 a6 7.Nxc6 bxc6 8.Bd3 d5
9.O-O Nf6 10.Qe2 Be7 11.b3 O-O 12.Bd2 Nd7 13.Na4 Nc5 14.Nxc5 Bxc5+ 15.Kh1 a5
16.c4 dxc4 17.Bxc4 Bd4 18.Rae1 c5 19.f5 Kh8 20.Qh5 Bb7 21.Bg5 g6 22.Qh4 exf5
23.e5 Qc6 24.Bf6+ Kg8 25.Re2 Be3 26.Rg1  1-0

[Event "Najdorf Memorial"]
[Site "Buenos Aires ARG"]
[Date "2001.09.07"]
[Round "4"]
[White "Xie Jun"]
[Black "Korchnoi,V"]
[Result "1/2-1/2"]
[WhiteElo "2553"]
[BlackElo "2617"]

1.e4 c5 2.Nf3 e6 3.d4 cxd4 4.Nxd4 Nc6 5.Nc3 d6 6.Be3 Nf6 7.Bd3 Be7 8.O-O O-O
9.Kh1 e5 10.Nb3 Be6 11.f4 Ng4 12.Bd2 exf4 13.Bxf4 Bg5 14.Qd2 Bxf4 15.Qxf4 Nge5
16.Rad1 Nxd3 17.Rxd3 Ne5 18.Rd4 a6 19.Nd5 Rc8 20.Ne3 Qe7 21.Rfd1 Rfe8 22.Qg3 Nc4
23.Nxc4 Bxc4 24.c3 h6 25.Qxd6 Qxd6 26.Rxd6 Rxe4 27.Nd2 Re2 28.Nxc4 Rxc4 29.R6d2 Rce4
30.Kg1 Kf8  1/2-1/2

[Event "EYCC B18"]
[Site "Halkidiki GRE"]
[Date "2001.09.08"]
[Round "8"]
[White "Kritz,L"]
[Black "Mastrovasilis,D"]
[Result "1/2-1/2"]
[WhiteElo "2423"]
[BlackElo "2435"]

1.e4 c5 2.Nf3 e6 3.d4 cxd4 4.Nxd4 Nc6 5.Nc3 Qc7 6.g3 a6 7.Bg2 d6 8.O-O Bd7
9.Nb3 Be7 10.Qe2 Nf6 11.f4 Bc8 12.Be3 Nd7 13.Rad1 b5 14.a3 Rb8 15.Nd4 Nxd4
16.Bxd4 O-O 17.g4 Bb7 18.Be3 Nb6 19.Rd3 Nc4 20.Bc1 a5 21.b4 axb4 22.axb4 Rfe8
23.g5 d5 24.exd5 exd5 25.Qh5 g6 26.Qh4 d4 27.Nxb5 Qb6 28.Nxd4 Bxb4 29.Bxb7 Rxb7
30.Qf2 Bc5 31.c3 Rbe7 32.Kh1 Qb1 33.Rh3 Qb7+ 34.Qf3 Qd7 35.Rg3 Re1 36.Rgg1 Rxf1
37.Rxf1 Bxd4 38.Rd1 Qf5 39.cxd4 Qc2 40.Rf1 Re2 41.h3 Re8 42.Kg1 Nd6 43.Be3 Qc3
44.Bc1 Qxd4+ 45.Qf2 Qd3 46.Qf3 Qc2 47.Be3 Qc3 48.Ba7 Qb2 49.Bf2 Nf5 50.Re1 Rc8
51.Re2 Qb1+ 52.Kg2 h5 53.gxh6 Nxh6 54.Re1 Qb4 55.Re4 Qd6 56.h4 Kh7 57.Rd4 Qf6
58.h5 Rc2 59.Qe4 Qf5 60.hxg6+ Qxg6+ 61.Qxg6+ Kxg6 62.Kf3 Rc3+ 63.Ke2 Kf5
64.Be1 Rh3 65.Bd2 Kg4 66.f5+ Kxf5 67.Rf4+ Kg6 68.Rf3 Rh2+ 69.Rf2  1/2-1/2

[Event "EYCC B16"]
[Site "Halkidiki GRE"]
[Date "2001.09.08"]
[Round "8"]
[White "Cornette,M"]
[Black "Gjuran,D"]
[Result "1/2-1/2"]
[WhiteElo "2383"]
[BlackElo "2119"]

1.e4 c5 2.Nf3 e6 3.d4 cxd4 4.Nxd4 Nc6 5.Nc3 Qc7 6.Be3 a6 7.Qd2 Nf6 8.O-O-O Bb4
9.f3 O-O 10.a3 Be7 11.g4 b5 12.g5 Ne8 13.h4 b4 14.Nxc6 Qxc6 15.axb4 Bxb4
16.Bd4 Qc7 17.Qe3 Bb7 18.h5 Rc8 19.Bd3 d6 20.g6 e5 21.Bb6 Qd7 22.Nd5 Bxd5
23.exd5 h6 24.gxf7+ Qxf7 25.Rh4 Bc5 26.Bxc5 Rxc5 27.Be4 Nf6 28.Bg6 Qc7 29.Rh2 Qa5
30.Rg2 Nxd5 31.Rxd5 Rxd5 32.Bd3 Rxd3 33.Qxd3 Qe1+ 34.Qd1 Qxd1+ 35.Kxd1 Rxf3
36.Rd2 Rf6 37.Rd5 Kf7 38.Ra5 Ke6 39.Rxa6 Rf7 40.b4 Rb7 41.c3 e4 42.Kd2 Ke5
43.Ke3 Rc7 44.Ra5+ d5 45.Rc5 Rxc5 46.bxc5 Ke6 47.Kd4 Kd7 48.c4 dxc4 49.Kxc4 Kc6
50.Kd4 e3 51.Kxe3 Kxc5 52.Ke4 Kd6 53.Kf5  1/2-1/2

[Event "ch-UKR"]
[Site "Ordzhonikidze UKR"]
[Date "2001.09.08"]
[Round "1"]
[White "Fedorchuk,S"]
[Black "Volokitin,A"]
[Result "1/2-1/2"]
[WhiteElo "2490"]
[BlackElo "2551"]

1.e4 c5 2.Nf3 e6 3.d4 cxd4 4.Nxd4 Nc6 5.Nc3 a6 6.Be2 Nge7 7.O-O Nxd4 8.Qxd4 Nc6
9.Qe3 Qc7 10.Bd3 Be7 11.f4 O-O 12.Qh3 Nb4 13.Be3 f5 14.Rac1 Qa5 15.Qf3 fxe4
16.Bxe4 d5 17.Qh5 h6 18.a3 Nc6 19.Bd3 Bc5 20.Bxc5 Qxc5+ 21.Kh1 Ne7 22.Rce1 Qd6
23.Re3 Bd7 24.Qe5 Qxe5 25.Rxe5 Rf6 26.g3 Raf8 27.Kg1 Nc6 28.Ree1 g5 29.fxg5 hxg5
30.Rxf6 Rxf6 31.Rf1 Kg7 32.Rxf6 Kxf6 33.Kf2 Ne7 34.h4 gxh4 35.gxh4 e5 36.Be2 Bc6
37.Na2 e4 38.c3 Ba4 39.Bg4 a5 40.b4 axb4 41.Nxb4 Bb3 42.Bd7 Ke5 43.h5 Kf6
44.a4 Kg5 45.a5 Bc4 46.Be8 Nf5 47.Nc2  1/2-1/2

[Event "EYCC B18"]
[Site "Halkidiki GRE"]
[Date "2001.09.09"]
[Round "9"]
[White "Lupulescu,C"]
[Black "Khismatullin,D"]
[Result "0-1"]
[WhiteElo "2465"]
[BlackElo "2446"]

1.e4 c5 2.Nf3 Nc6 3.d4 cxd4 4.Nxd4 e6 5.Nc3 Qc7 6.Be3 a6 7.Bd3 Nf6 8.O-O b5
9.h3 Bb7 10.a3 Be7 11.Qe2 O-O 12.f4 d6 13.f5 Nxd4 14.Bxd4 e5 15.Bf2 Rfd8
16.Rad1 Rac8 17.g4 d5 18.exd5 Nxd5 19.Nxd5 Bxd5 20.Rfe1 Bg5 21.c3 f6 22.Be4 Bb3
23.Bc2 Bc4 24.Bd3 Rxd3 25.Rxd3 Bxd3 26.Qxd3 Rd8 27.Qf3 Qd6 28.Kg2 h6 29.Be3 Qd3
30.Bxg5 hxg5 31.Qxd3 Rxd3 32.Re2 Kf8 33.Rc2 Ke7 34.c4 Kd6 35.c5+ Kc6 36.b4 a5
37.a4 axb4 38.axb5+ Kxb5 39.c6 Rd8 40.c7 Rc8 41.Kf3 b3 42.Rc3 Ka4 43.Rc4+ Ka3
44.Rc3 Kb4 45.Rc6 b2 46.Rb6+ Kc3 47.Rc6+ Kd4 48.Rb6 Rxc7 49.Rxb2 e4+ 50.Kg2 Ke5
51.Ra2 Rc3 52.Rf2 Rd3 53.Ra2 Kf4 54.Rb2 Rd4 55.Ra2 e3 56.Ra3 Rd2+ 57.Kg1 Rd1+  0-1

[Event "TCh-YUG"]
[Site "Herceg Novi YUG"]
[Date "2001.09.09"]
[Round "7"]
[White "Pavlovic,Mi"]
[Black "Rajkovic,Du"]
[Result "1-0"]
[WhiteElo "2500"]
[BlackElo "2497"]

1.e4 c5 2.Nf3 e6 3.d4 cxd4 4.Nxd4 Nc6 5.Nc3 a6 6.Nxc6 bxc6 7.Bd3 e5 8.O-O Bc5
9.Kh1 d6 10.f4 Nf6 11.Qe1 Ng4 12.h3 h5 13.Nd1 a5 14.Ne3 exf4 15.Rxf4 Qe7
16.Bd2 g5 17.Nf5 Qa7 18.Rf1 f6 19.Bc3 Kf7 20.Bc4+ Kg6 21.Nh4+ gxh4 22.hxg4 Bd4
23.e5 dxe5 24.Qe4+ Kg7 25.g5 Rf8 26.Rxf6  1-0

[Event "CHN-RUS Summit Men"]
[Site "Shanghai CHN"]
[Date "2001.09.09"]
[Round "3"]
[White "Grischuk,A"]
[Black "Ye Jiangchuan"]
[Result "1/2-1/2"]
[WhiteElo "2669"]
[BlackElo "2677"]

1.e4 c5 2.Nf3 e6 3.d4 cxd4 4.Nxd4 Nc6 5.Nc3 Qc7 6.Be2 a6 7.O-O Nf6 8.Be3 Bb4
9.Na4 Be7 10.Nxc6 bxc6 11.Nb6 Rb8 12.Nxc8 Qxc8 13.Bd4 c5 14.Be5 Rb6 15.b3 Nxe4
16.Bxg7 Rg8 17.Be5 Bd6 18.Bxd6 Rxd6 19.Bd3 Qc6 20.f3 Nf6 21.Qe2 Ke7 22.f4 Rd5
23.Bxa6 Ng4 24.Bb5 Qd6 25.Bd3 c4 26.bxc4 Qc5+ 27.Kh1 Rh5 28.h3 Ne3 29.Be4 Nxf1
30.Rxf1 Rg3 31.f5 Rh6 32.Qd2 Re3 33.Rd1 d6 34.Rb1 exf5 35.Rb5 Qa3 36.Rb7+ Kd8
37.Bd5 Rg6 38.Rb8+ Kc7 39.Rb7+ Kc8 40.c3 Rxc3 41.Rb1 Rxh3+ 42.gxh3 Qxh3+
43.Qh2 Qe3 44.Qb2 Rh6+ 45.Kg2 Rg6+ 46.Kh1  1/2-1/2

[Event "ch-UKR"]
[Site "Ordzhonikidze UKR"]
[Date "2001.09.10"]
[Round "3"]
[White "Brodsky,M"]
[Black "Korobov,A"]
[Result "1-0"]
[WhiteElo "2528"]
[BlackElo "2470"]

1.e4 c5 2.Nc3 e6 3.Nf3 Nc6 4.d4 cxd4 5.Nxd4 d6 6.Be3 Nf6 7.f4 Be7 8.Qf3 Bd7
9.O-O-O O-O 10.Nb3 a5 11.Bb5 Qc7 12.Kb1 Rfc8 13.Rd2 Be8 14.a3 Nd7 15.Be2 a4
16.Nd4 Nxd4 17.Bxd4 Bf8 18.Nb5 Qc6 19.Rhd1 Nc5 20.Nc3 Ra5 21.f5 Bd7 22.g4 Qc7
23.g5 Bc6 24.Qg4 Nxe4 25.Nxe4 exf5 26.Nf6+ gxf6 27.Qg3 Be4 28.gxf6+ Kh8 29.Rg1 Bh6
30.Bd3 Raa8 31.Qh3 Bxd2 32.Rg7 Qxc2+ 33.Bxc2 Bxc2+ 34.Ka1 f4 35.Qg2 Bg6 36.Rxg6 hxg6
37.Qh3+  1-0

[Event "TCh-CRO Women"]
[Site "Pula CRO"]
[Date "2001.09.10"]
[Round "1"]
[White "Krivec,J"]
[Black "Djingarova,E"]
[Result "1/2-1/2"]
[WhiteElo "2242"]
[BlackElo "2285"]

1.e4 c5 2.Nf3 e6 3.d4 cxd4 4.Nxd4 Nc6 5.Nc3 Qc7 6.g3 a6 7.Bg2 Nf6 8.O-O Be7
9.Re1 O-O 10.Nxc6 dxc6 11.e5 Nd5 12.Qg4 Rd8 13.Bh6 g6 14.Bg5 Nxc3 15.bxc3 Re8
16.Bxe7 Qxe7 17.a4 a5 18.Red1 Qc5 19.Qd4 Qxd4 20.Rxd4 Kf8 21.f4 Ke7 22.Kf2 Rd8
23.Ke3 Rxd4 24.cxd4 Bd7 25.Rb1 Rb8 26.Rb6 Kd8 27.c4 Kc7 28.c5 h6  1/2-1/2

[Event "ch-UKR"]
[Site "Ordzhonikidze UKR"]
[Date "2001.09.11"]
[Round "4"]
[White "Volokitin,A"]
[Black "Brodsky,M"]
[Result "1/2-1/2"]
[WhiteElo "2551"]
[BlackElo "2528"]

1.e4 c5 2.Nf3 Nc6 3.Nc3 e6 4.d4 cxd4 5.Nxd4 Qc7 6.Be2 a6 7.O-O Nf6 8.Kh1 Be7
9.f4 d6 10.a4 O-O 11.Be3 Re8 12.a5 Nxa5 13.e5 dxe5 14.fxe5 Qxe5 15.Bf4 Qc5
16.Na4 Qa7 17.Bc7 b5 18.Nb6 Rb8 19.Bxb8 Qxb6 20.Be5 Nc4 21.Bxc4 bxc4 22.Ra4 Qc5
23.Qe2 Nd7 24.Nf3 Bb7 25.Bc3 Qb5 26.Ra5 Qc6 27.Nd4 Qc8 28.Rh5 Nf8 29.Qg4 f6
30.Re1  1/2-1/2

[Event "CHN-RUS Summit Women"]
[Site "Shanghai CHN"]
[Date "2001.09.11"]
[Round "5"]
[White "Wang Pin"]
[Black "Stepovaia Dianchenko,T"]
[Result "0-1"]
[WhiteElo "2504"]
[BlackElo "2451"]

1.e4 c5 2.Nf3 Nc6 3.d4 cxd4 4.Nxd4 e6 5.Nc3 Qc7 6.Be2 a6 7.O-O Nf6 8.Kh1 Nxd4
9.Qxd4 Bc5 10.Qd3 b5 11.f4 Bb7 12.Bf3 h5 13.e5 Ng4 14.Bxb7 Qxb7 15.Ne4 Rc8
16.Bd2 Be7 17.Rae1 Nh6 18.Qf3 Qb8 19.Qxh5 Rxc2 20.f5 Rxd2 21.Nxd2 exf5 22.Rc1 g6
23.Qe2 Kf8 24.Nf3 Kg7 25.Rcd1 Qa7 26.Qd2 Ng4 27.Qxd7 Qc5 28.Qd4 Ne3 29.Qxc5 Bxc5
30.Rc1 Nxf1 31.Rxc5 Ng3+ 32.Kg1 Ne4 33.Rc7 Re8 34.Ra7 g5 35.Rxa6 g4 36.Nd4 Rxe5
37.a4 Rd5  0-1

[Event "5th Pablo Gorbea Mem Open"]
[Site "Madrid ESP"]
[Date "2001.09.12"]
[Round "6"]
[White "Gallardo Garcia,A"]
[Black "Gustafsson,J"]
[Result "0-1"]
[WhiteElo "2299"]
[BlackElo "2535"]

1.e4 c5 2.Nf3 Nc6 3.d4 cxd4 4.Nxd4 e6 5.Nc3 Qc7 6.g3 a6 7.Bg2 d6 8.O-O Bd7
9.Re1 Be7 10.Bf4 Ne5 11.a4 Nf6 12.Qe2 Rc8 13.Rad1 Qc4 14.Bc1 O-O 15.Qd2 Qc5
16.Qe2 Nc4 17.b3 Ne5 18.Bb2 Rfd8 19.Kh1 Nc6 20.Nxc6 Bxc6 21.f4 b5 22.axb5 axb5
23.e5 dxe5 24.fxe5 Bxg2+ 25.Kxg2 Nd5 26.Nxd5 Rxd5 27.Rxd5 Qxd5+ 28.Kh3 b4
29.Rf1 Bf8 30.Rf4 Qa8 31.Rc4 Rxc4 32.Qxc4 h5 33.Qe2 Qh1 34.c3 g5 35.g4 h4
36.cxb4 Bxb4 37.Bd4 Bd2 38.Qg2 Qd1 39.Qf2 Qxb3+ 40.Kg2 h3+  0-1

[Event "TCh-CRO"]
[Site "Pula CRO"]
[Date "2001.09.13"]
[Round "4"]
[White "Kutuzovic,B"]
[Black "Rezan,S"]
[Result "1-0"]
[WhiteElo "2413"]
[BlackElo "2323"]

1.e4 c5 2.Nf3 e6 3.d4 cxd4 4.Nxd4 Nc6 5.Nc3 a6 6.Nxc6 bxc6 7.Bd3 e5 8.O-O Nf6
9.Qe2 Be7 10.Na4 O-O 11.c4 d6 12.b3 Nd7 13.Bb2 Qc7 14.Rac1 Bg5 15.Rc2 Nc5
16.Nxc5 dxc5 17.Bc3 Rd8 18.Rb2 g6 19.Rbb1 h5 20.Rbd1 Bg4 21.f3 Be6 22.Qf2 Rd4
23.g3 Bh3 24.Rfe1 Rd7 25.Qxc5 Rad8 26.Be2 Bd2 27.Bxd2 Rxd2 28.Rxd2 Rxd2 29.a4 a5
30.Kf2 Rb2 31.Rd1 Rxb3 32.Rd6 Qe7  1-0

[Event "ch-UKR"]
[Site "Ordzhonikidze UKR"]
[Date "2001.09.15"]
[Round "8"]
[White "Volokitin,A"]
[Black "Neverov,V"]
[Result "1/2-1/2"]
[WhiteElo "2551"]
[BlackElo "2564"]

1.e4 c5 2.Nf3 e6 3.d4 cxd4 4.Nxd4 Nc6 5.Nc3 Qc7 6.Be2 a6 7.O-O Nf6 8.Kh1 Bb4
9.Bg5 Bxc3 10.Bxf6 gxf6 11.bxc3 Ne7 12.Qd2 h5 13.Qe3 b6 14.c4 Bb7 15.Bd3 Qc5
16.Rab1 Nc8 17.Rb3 Rg8 18.Rfb1 Qg5 19.Qh3 Ke7 20.Qg3 h4 21.Qxg5 Rxg5 22.Nf3 Rh5
23.h3 Ra7 24.Ra3 Ba8 25.Kg1 a5 26.Rb5 Rxb5 27.cxb5 Nd6 28.Ra4 Rc7 29.e5 fxe5
30.Nxe5 Rc5 31.Nc4 Nxc4 32.Rxc4 Rxc4 33.Bxc4 Kf6 34.g3 Bf3 35.gxh4 Kf5 36.Kf1 Bd1
37.Bd3+ Kf4 38.Ke1 Bf3 39.Be2 Be4 40.Bh5 f6 41.Be8 d6 42.h5 Kg5 43.h4+ Kh6
44.Kd2 Bd5 45.a3 Bf3 46.Bf7 Bg4 47.Ke3 Kg7 48.Be8 Kh6 49.Bf7  1/2-1/2

[Event "6th ECCW"]
[Site "Belgrade YUG"]
[Date "2001.09.16"]
[Round "1"]
[White "Krivec,J"]
[Black "Peptan,C"]
[Result "0-1"]
[WhiteElo "2242"]
[BlackElo "2460"]

1.e4 c5 2.Nf3 Nc6 3.d4 cxd4 4.Nxd4 e6 5.Nc3 Qc7 6.g3 a6 7.Bg2 Nf6 8.O-O Bc5
9.Nb3 Ba7 10.Bf4 Ne5 11.Bxe5 Qxe5 12.Kh1 Qc7 13.f4 h5 14.Bf3 Rb8 15.h4 b5
16.e5 Ng4 17.Ne4 Ne3 18.Qd6 Qxd6 19.Nxd6+ Ke7 20.Rfc1 Nc4 21.Nxc4 bxc4 22.Na5 Rb4
23.c3 Rxb2 24.Nxc4 Rf2 25.Bg2 a5 26.Nxa5 Ba6 27.c4 Rc8 28.Bb7 Bxb7+ 29.Nxb7 Rb8
30.Rab1 Rxa2 31.c5 Ra6 32.Rb5 Rc6 33.Rcb1 Rbc8 34.Nd6 Rg8 35.Rc1 f6 36.Ra5 Bb8
37.Ra8 fxe5 38.Rb1 Rxc5 39.fxe5 Rxe5 40.Nc4 Rc5 41.Ne3 Rcc8 42.Kg2 Bd6 43.Ra6 Bc5
44.Re1 Bxe3  0-1

[Event "TCh-CRO"]
[Site "Pula CRO"]
[Date "2001.09.16"]
[Round "7"]
[White "Almasi,Z"]
[Black "Delchev,A"]
[Result "1-0"]
[WhiteElo "2630"]
[BlackElo "2629"]

1.e4 c5 2.Nf3 e6 3.d4 cxd4 4.Nxd4 Nc6 5.Nc3 Qc7 6.Be2 a6 7.O-O Nf6 8.Be3 Bb4
9.Na4 Be7 10.Nxc6 bxc6 11.Nb6 Rb8 12.Nxc8 Qxc8 13.Bd4 c5 14.Be5 Rb6 15.Qd3 d6
16.Bc3 O-O 17.b3 d5 18.e5 Nd7 19.f4 f5 20.Qh3 c4 21.bxc4 Qc5+ 22.Kh1 d4 23.Rad1 dxc3
24.Rxd7 Rfb8 25.Qxc3 Rb1 26.Rdd1 Rxd1 27.Rxd1 Qf2 28.Bf3 Rd8 29.Rb1 Bc5 30.Qa5 Be7
31.Qb6 Qxc2 32.Qxe6+ Kh8 33.Qb6 Qxc4 34.g3 Qxa2 35.Qb2 Qxb2 36.Rxb2 Kg8 37.Rb7 Kf8
38.Ra7 Rd3 39.Be2 Rc3 40.Rxa6 g5 41.Ra8+ Kf7 42.Ra2 gxf4 43.gxf4 Bc5 44.Kg2 Be3
45.Kg3 Ke7 46.Ra4 Bg1+ 47.Kh4 h6 48.Kh5 Re3 49.Bb5 Bxh2 50.Kg6 Re4 51.Rxe4 fxe4
52.Kf5 e3 53.Be2 Bg3 54.Ke4 h5 55.Bxh5 Be1 56.Kxe3 Ba5 57.f5 Be1 58.f6+ Ke6
59.Ke4 Bb4 60.Bg4+ Kf7 61.Kf5  1-0

[Event "EUR-ASIA Rapid Match Women"]
[Site "Batumi GEO"]
[Date "2001.09.17"]
[Round "1"]
[White "Xu Yuhua"]
[Black "Ioseliani,N"]
[Result "1-0"]
[WhiteElo "2502"]
[BlackElo "2497"]

1.e4 c5 2.Nf3 e6 3.d4 cxd4 4.Nxd4 Nc6 5.Nc3 Qc7 6.Be2 a6 7.O-O Nf6 8.Kh1 Be7
9.f4 d6 10.Be3 O-O 11.Qe1 Nxd4 12.Bxd4 b5 13.a3 Bb7 14.Qg3 Bc6 15.Rae1 Qb7
16.Bd3 g6 17.b4 Nh5 18.Qg4 Rae8 19.f5 Bf6 20.Ne2 exf5 21.exf5 Be4 22.Bxf6 Nxf6
23.Qg5 Kg7 24.Nf4 h6 25.Qg3 g5 26.h4 Rh8 27.hxg5 hxg5+ 28.Kg1 g4 29.Qf2 Re5
30.Qd4 Bxd3 31.cxd3 Rhe8 32.Rc1 Qe7 33.Rc6 d5 34.Rxf6  1-0

[Event "TCh-CRO Women"]
[Site "Pula CRO"]
[Date "2001.09.17"]
[Round "8"]
[White "Bazaj Bockai,S"]
[Black "Djingarova,E"]
[Result "0-1"]
[WhiteElo "2154"]
[BlackElo "2285"]

1.e4 c5 2.Nf3 e6 3.d4 cxd4 4.Nxd4 Nc6 5.Nc3 Qc7 6.Be2 a6 7.a4 Nf6 8.O-O Bb4
9.Nxc6 dxc6 10.Qd3 O-O 11.Bg5 Be7 12.f4 e5 13.Qg3 Ne8 14.Bxe7 Qxe7 15.fxe5 Be6
16.Kh1 Nc7 17.Nd1 Rae8 18.Ne3 Kh8 19.Bd3 Qb4 20.b3 Qc3 21.Nf5 Bxf5 22.exf5 Qxe5
23.Qh4 Qf6 24.Qxf6 gxf6 25.Rae1 Nd5 26.Kg1 Kg7 27.Kf2 Re5 28.Rxe5 fxe5 29.Re1 Kf6
30.Re4 Nf4 31.g4 Rd8 32.Ke3 h6 33.Rxf4 exf4+ 34.Kxf4 Rd4+ 35.Be4 Rd2 36.h4 Rf2+
37.Kg3 Rf1 38.Bd3 Rh1 39.Bc4 b5 40.axb5 axb5 41.Bd3 Ke5 42.f6 Kxf6 43.Be4 Rg1+
44.Kf4 c5 45.Bd3 b4 46.h5 Re1 47.Bc4 Re7 48.Bd3 Rd7 49.Bc4 Rd4+ 50.Kf3 Kg5  0-1

[Event "TCh-CRO"]
[Site "Pula CRO"]
[Date "2001.09.17"]
[Round "8"]
[White "Kutuzovic,B"]
[Black "Bertok,M"]
[Result "1/2-1/2"]
[WhiteElo "2413"]
[BlackElo "2297"]

1.e4 c5 2.Nf3 e6 3.d4 cxd4 4.Nxd4 Nc6 5.Nc3 Nf6 6.Nxc6 bxc6 7.Bd3 e5 8.Qe2 d6
9.O-O Be7 10.Na4 O-O 11.c4 Nd7 12.b3 Re8 13.Rd1 Nf8 14.c5 Ne6 15.Bb2 Nd4
16.Bxd4 exd4 17.f4 dxc5 18.Rac1 g6 19.Qd2 g5 20.Rf1 Kh8 21.Qe2 gxf4 22.Qh5 Rg8
23.Rxf4 Rg7 24.Rcf1 Bg5 25.Rf5 Bxf5 26.Rxf5 Qa5 27.Qe2 Be7 28.g3 Rag8 29.e5 Bg5
30.Kg2  1/2-1/2

[Event "EUR-ASIA Rapid Match"]
[Site "Batumi GEO"]
[Date "2001.09.18"]
[Round "6"]
[White "Lutz,C"]
[Black "Ye Jiangchuan"]
[Result "1-0"]
[WhiteElo "2643"]
[BlackElo "2677"]

1.e4 c5 2.Nf3 e6 3.d4 cxd4 4.Nxd4 Nc6 5.Nc3 Qc7 6.Be2 a6 7.O-O Nf6 8.Be3 Bb4
9.Na4 Be7 10.Nxc6 bxc6 11.Nb6 Rb8 12.Nxc8 Qxc8 13.Bd4 c5 14.Be5 Rb6 15.Qd3 d6
16.Bc3 O-O 17.b3 d5 18.e5 Nd7 19.f4 c4 20.bxc4 Rc6 21.Qh3 Nb6 22.Bd3 g6 23.Rf3 Re8
24.Rg3 Rxc4 25.Bxc4 Qxc4 26.f5 Na4 27.fxe6 Bc5+ 28.Kh1 Rxe6 29.Rf3 Nxc3 30.Rxc3 Qd4
31.Rf1 Rxe5 32.Qc8+ Bf8 33.Rcf3 f5 34.Qxa6 Qb2 35.Qa4 Re2 36.Qb3 Qxb3 37.cxb3 Rxa2
38.Rd3 Rb2 39.Rc1 d4 40.g3 Bg7 41.Rc8+ Kf7 42.Rc7+ Kf8 43.Rb7 h5 44.b4 Be5
45.Ra3 Rb1+ 46.Kg2 Rb2+ 47.Kf3  1-0

[Event "6th ECCW"]
[Site "Belgrade YUG"]
[Date "2001.09.19"]
[Round "4"]
[White "Peptan,C"]
[Black "Khurtsidze,N"]
[Result "1-0"]
[WhiteElo "2460"]
[BlackElo "2446"]

1.e4 c5 2.Nf3 e6 3.d4 cxd4 4.Nxd4 Nc6 5.Nc3 Qc7 6.Be3 a6 7.Bd3 Nf6 8.O-O h5
9.h3 Bd6 10.Nxc6 bxc6 11.f4 e5 12.f5 Qa5 13.Qe1 Bc5 14.Qf2 Bxe3 15.Qxe3 Rb8
16.Rab1 h4 17.a3 Qb6 18.Qxb6 Rxb6 19.b4 Rb8 20.Rfe1 Nh5 21.Na4 Nf4 22.Bf1 f6
23.Nc5 Ra8 24.c4 d6 25.Na4 Bb7 26.Rbc1 Ke7 27.c5 d5 28.Nb6 Rad8 29.exd5 Nxd5
30.Nc4 Rh5 31.Nd6 Rxd6 32.cxd6+ Kxd6 33.Bd3 Bc8 34.Rc4 Bxf5 35.Bxf5 Rxf5
36.Rec1 Ne7 37.Rxh4 Rg5 38.Kf2 Nf5 39.Rh8 Kc7 40.a4 Nd4 41.Rg8 Ne6 42.Rc3 e4
43.g4 f5 44.Re8 Kd7 45.Rxe6 Kxe6 46.Rxc6+ Kd5 47.Rxa6 Kc4 48.Ra5 g6 49.Rb5 Kd3
50.a5 e3+ 51.Ke1 Kc4 52.Re5 Kd4 53.Rb5 fxg4 54.Rxg5 gxh3 55.Rxg6  1-0

[Event "6th ECCW"]
[Site "Belgrade YUG"]
[Date "2001.09.20"]
[Round "5"]
[White "Manakova,M"]
[Black "Stepovaia Dianchenko,T"]
[Result "1/2-1/2"]
[WhiteElo "2353"]
[BlackElo "2451"]

1.e4 c5 2.Nf3 e6 3.d4 cxd4 4.Nxd4 Nc6 5.Nc3 Qc7 6.Be2 a6 7.O-O Nf6 8.Be3 Bb4
9.Na4 Bd6 10.Nxc6 bxc6 11.Nb6 Rb8 12.Nxc8 Rxc8 13.Qd3 Bxh2+ 14.Kh1 Bf4 15.Bd4 c5
16.Bxf6 gxf6 17.Qxa6 Ke7 18.Rad1 Rhg8 19.Rd3 Ra8 20.Qc4 Qc6 21.Rfd1 d6 22.b4 Ra4
23.a3 Be5 24.Rh3 f5 25.Qb5 Qxe4 26.Bf3 Qxc2 27.Qb7+ Kf6 28.Rxh7 Rg7 29.Rxg7 Kxg7
30.Bh5 Rxa3 31.Qxf7+ Kh8 32.Qf8+ Kh7 33.Qf7+ Kh8 34.Qf8+  1/2-1/2

[Event "Mitropa Cup"]
[Site "Saint Vincent ITA"]
[Date "2001.09.21"]
[Round "7"]
[White "Zaragatski,I"]
[Black "Berkes,F"]
[Result "0-1"]
[WhiteElo "2248"]
[BlackElo "2525"]

1.e4 c5 2.Nf3 e6 3.d4 cxd4 4.Nxd4 Nc6 5.Nc3 Qc7 6.Be3 a6 7.Bd3 Nf6 8.O-O Ne5
9.h3 Bc5 10.Kh1 d6 11.f4 Ng6 12.Qf3 O-O 13.Rae1 Bd7 14.Nce2 e5 15.Nb3 Bxe3
16.Qxe3 exf4 17.Nxf4 Rae8 18.Nxg6 hxg6 19.Nd4 Re7 20.Nf3 Rfe8 21.Qd4 Bc6
22.Ng5 d5 23.e5 Rxe5 24.Rxe5 Qxe5 25.Qxe5 Rxe5 26.Nf3 Re8 27.Nd4 Bd7 28.g4 Ne4
29.Kg2 Nc5 30.Kf2 Kf8 31.Rd1 Ke7 32.Ne2 g5 33.c3 Ne6 34.Bc2 Bc6 35.Kg3 g6
36.Nd4 Kd6 37.Nf3 b5 38.Re1 Re7 39.Nd4 Bb7 40.Nxe6 Rxe6 41.Rxe6+ Kxe6 42.Kf2 f5
43.Bd3 Bc6 44.a3 Ke5 45.Ke3 f4+ 46.Kf2 Be8 47.Kf3 d4 48.Kf2 Bf7 49.cxd4+ Kxd4
50.Bc2 a5 51.Bb1 b4 52.axb4 axb4 53.Bc2 b3 54.Bb1 Be8 55.Ke2 Bb5+ 56.Kd2 f3  0-1

[Event "ch-Africa"]
[Site "Cairo EGY"]
[Date "2001.09.23"]
[Round "8"]
[White "Tissir,M"]
[Black "Belkhodja,S"]
[Result "1/2-1/2"]
[WhiteElo "2383"]
[BlackElo "2531"]

1.e4 c5 2.Nc3 e6 3.Nf3 Nc6 4.d4 cxd4 5.Nxd4 Nf6 6.Ndb5 Bb4 7.a3 Bxc3+ 8.Nxc3 d5
9.exd5 exd5 10.Bd3 O-O 11.O-O d4 12.Ne4 Bf5 13.Bg5 Bxe4 14.Bxe4 h6 15.Bxf6 Qxf6
16.Qf3 Qxf3 17.Bxf3 Rac8 18.Rad1 Ne5 19.Bxb7 Rxc2 20.Rxd4  1/2-1/2

[Event "Mitropa Cup"]
[Site "Saint Vincent ITA"]
[Date "2001.09.23"]
[Round "9"]
[White "Vaculik,M"]
[Black "Berkes,F"]
[Result "1/2-1/2"]
[WhiteElo "2144"]
[BlackElo "2525"]

1.e4 c5 2.Nf3 e6 3.d4 cxd4 4.Nxd4 Nc6 5.Nc3 Qc7 6.g3 a6 7.a4 Bb4 8.Ne2 Nf6
9.Bg2 d5 10.O-O dxe4 11.Nxe4 Nxe4 12.Bxe4 O-O 13.c3 Be7 14.Nf4 Bd7 15.Qh5 f5
16.Bg2 Bf6 17.Re1 Rae8 18.Be3 Na5 19.g4 Nc4 20.gxf5 Nxe3 21.fxe3 Qe5 22.fxe6  1/2-1/2